000 nam a22 7a 4500
999 _c10381
_d10381
008 180215b ||||| |||| 00| 0 eng d
100 _aKumar,Anil.
_96335
245 _aBBC Students Resource Books-12
260 _aKarnee
_bBBC